[Event "SR 2. liga A 2003/2004"]
[Site "?"]
[Date "2004.02.21"]
[Round "11.6"]
[White "Mosny, Jaroslav"]
[Black "Toth_Vano, Peter"]
[Result "1/2-1/2"]
[WhiteElo "2051"]
[BlackElo "2052"]
[PlyCount "42"]
[EventDate "2003.??.??"]

1. d4 Nf6 2. Nf3 d5 3. c4 g6 4. Nc3 Bg7 5. cxd5 Nxd5 6. e4 Nxc3 7. bxc3 O-O 8.
Bc4 c5 9. Be3 Nc6 10. h3 Qa5 11. Qd2 Rd8 12. Rd1 cxd4 13. cxd4 Qh5 14. Be2 Bg4
15. d5 Bxf3 16. Bxf3 Qe5 17. O-O Qf6 18. Bg5 Qe5 19. Bf4 Qf6 20. Bg5 Qe5 21.
Bf4 Qf6 1/2-1/2

[Event "SR 2. liga A 2003/2004"]
[Site "?"]
[Date "2004.02.21"]
[Round "11.6"]
[White "Priam, Stefan"]
[Black "Gono, Pavol"]
[Result "0-1"]
[WhiteElo "1953"]
[BlackElo "1910"]
[PlyCount "128"]
[EventDate "2003.??.??"]

1. d4 c6 2. e4 d5 3. e5 Bf5 4. Bd3 Bxd3 5. Qxd3 e6 6. Ne2 Qb6 7. O-O c5 8. c3
Nc6 9. Nd2 cxd4 10. cxd4 Nge7 11. Nb3 Nb4 12. Qd1 Nec6 13. a3 Na6 14. Bd2 Be7
15. Kh1 O-O 16. Rc1 Qc7 17. Rc3 Qd7 18. Rg3 Rfc8 19. Nf4 Nc7 20. Nh5 Ne8 21.
Bh6 g6 22. Qf3 Qd8 23. Be3 b6 24. Nf4 Ng7 25. Rh3 Rc7 26. Ne2 Rac8 27. Nc3 a6
28. Qf4 Nh5 29. Qg4 Ng7 30. f4 Qd7 31. Nd2 Na5 32. Bf2 h5 33. Qe2 Nc4 34. Nxc4
Rxc4 35. Qd2 Nf5 36. Rd3 Qc7 37. Rc1 b5 38. Be1 b4 39. axb4 Bxb4 40. h3 h4 41.
Kh2 Qa5 42. Qd1 Qb6 43. Bf2 Be7 44. Rc2 Rb8 45. Qd2 a5 46. Nd1 Rbc8 47. Rxc4
Rxc4 48. Ne3 Nxe3 49. Bxe3 Rb4 50. Qe2 Rxb2 51. Qg4 a4 52. f5 exf5 53. Qf4 Rb3
54. Rd2 Rc3 55. e6 Bd6 56. e7 Bxf4+ 57. Bxf4 Rc8 58. Rc2 Re8 59. Bc7 Qxd4 60.
Bd8 a3 61. Rc8 Qd1 62. Rb8 a2 63. Bc7 Rxb8 64. Bxb8 Qe1 0-1

[Event "SR 2. liga A 2003/2004"]
[Site "?"]
[Date "2004.02.21"]
[Round "11.6"]
[White "Raczko, Peter"]
[Black "Sekera, Branislav"]
[Result "1/2-1/2"]
[WhiteElo "2074"]
[BlackElo "2122"]
[PlyCount "104"]
[EventDate "2003.??.??"]

1. e4 c6 2. d4 d6 3. Nc3 Qc7 4. f4 b6 5. Bd3 Qd7 6. Be3 Ba6 7. Nf3 Bxd3 8. Qxd3
e6 9. O-O Nf6 10. d5 exd5 11. exd5 c5 12. Ne2 g6 13. c4 Bg7 14. Bd2 O-O 15. Bc3
Na6 16. Rae1 Nc7 17. Ng3 a6 18. Re2 Rae8 19. Rfe1 Rxe2 20. Rxe2 b5 21. b3 b4
22. Bb2 a5 23. f5 Re8 24. fxg6 hxg6 25. Rxe8+ Qxe8 26. Kf1 Qe7 27. Qe2 Nfxd5
28. Bxg7 Ne3+ 29. Ke1 Kxg7 30. Kd2 Nxc4+ 31. Qxc4 d5 32. Qf4 f6 33. Qg4 Qe6 34.
Qxe6 Nxe6 35. Ne2 Kf7 36. g3 c4 37. Ned4 Nc5 38. Kc2 a4 39. bxa4 Nxa4 40. Nc6
b3+ 41. axb3 cxb3+ 42. Kb1 g5 43. Ncd4 Kg6 44. Nxb3 Kf5 45. Nbd2 Kg4 46. Ng1 f5
47. Nf1 d4 48. Kc2 Nc5 49. Kd2 f4 50. h3+ Kf5 51. gxf4 Kxf4 52. Ne2+ Kf3
1/2-1/2

[Event "SR 2. liga A 2003/2004"]
[Site "?"]
[Date "2004.02.21"]
[Round "11.6"]
[White "Slamena, Michal"]
[Black "Gabris, Ondrej"]
[Result "0-1"]
[WhiteElo "1872"]
[BlackElo "2044"]
[PlyCount "65"]
[EventDate "2003.??.??"]

1. e4 d5 2. exd5 Nf6 3. d4 Bg4 4. Be2 Bxe2 5. Nxe2 Qxd5 6. O-O Nc6 7. b3 O-O-O
8. c4 Qh5 9. Be3 e5 10. d5 Ng4 11. h3 Nxe3 12. fxe3 Bc5 13. Rf3 Qh6 14. Qc1 Nd4
15. Nxd4 exd4 16. Qe1 dxe3 17. Nc3 Qg6 18. Qe2 Bd4 19. Rc1 a6 20. Na4 f6 21.
Rf4 Be5 22. Rg4 Qh6 23. c5 Rxd5 24. c6 b5 25. Qf3 Rhd8 26. Nc5 e2 27. Qf5+ Kb8
28. Nxa6+ Ka7 29. Qf2+ Bd4 30. Rxd4 Qxc1+ 31. Rd1+ Qc5 32. Nxc5 Rxd1+ 33. Kh2
0-1

[Event "SR 2. liga A 2003/2004"]
[Site "?"]
[Date "2004.02.21"]
[Round "11.7"]
[White "Bednar, Milan"]
[Black "Hagara, Vladimir"]
[Result "0-1"]
[WhiteElo "2063"]
[BlackElo "2003"]
[PlyCount "74"]
[EventDate "2003.??.??"]

1. e4 c6 2. d4 d5 3. Nc3 dxe4 4. Nxe4 Bf5 5. Ng3 Bg6 6. Nf3 Nd7 7. Be2 Ngf6 8.
Nh4 e6 9. Nxg6 hxg6 10. Nf1 Bd6 11. g3 Qc7 12. Qd3 e5 13. dxe5 Nxe5 14. Qb3 O-O
15. Ne3 Ne4 16. O-O Rae8 17. Nc4 Nc5 18. Qc3 Nxc4 19. Bxc4 b5 20. Bb3 a5 21. a4
b4 22. Qf3 Nxb3 23. cxb3 Be5 24. Rb1 Re6 25. Be3 c5 26. Rfc1 Rc6 27. Rc4 Rc8
28. Qe4 Qd6 29. Qc2 Bf6 30. Rd1 Qe5 31. Bd4 Qe7 32. Be3 Qe5 33. Rd2 Be7 34. Bf4
Qe6 35. Re4 Qf6 36. Rd7 Re6 37. Rc4 Re1+ 0-1

[Event "SR 2. liga A 2003/2004"]
[Site "?"]
[Date "2004.02.21"]
[Round "11.7"]
[White "Blazkova, Barbora"]
[Black "Hefka, Vladimir"]
[Result "0-1"]
[WhiteElo "2009"]
[BlackElo "2001"]
[PlyCount "48"]
[EventDate "2003.??.??"]

1. d4 Nf6 2. c4 g6 3. Nc3 Bg7 4. e4 d6 5. Nf3 O-O 6. Be2 Nc6 7. O-O e6 8. d5
Ne7 9. Ne1 Ne8 10. Be3 f5 11. f3 f4 12. Bf2 h5 13. b4 g5 14. Nb5 a6 15. Nc3 Rf7
16. a4 Bf8 17. a5 Rg7 18. Kh1 Ng6 19. b5 Nh8 20. b6 g4 21. bxc7 Qg5 22. Na4 g3
23. Bxg3 fxg3 24. Nb6 Qh4 0-1

[Event "SR 2. liga A 2003/2004"]
[Site "?"]
[Date "2004.02.21"]
[Round "11.7"]
[White "Krchnak, Rudolf"]
[Black "Lutter, Ladislav"]
[Result "0-1"]
[WhiteElo "1809"]
[BlackElo "1986"]
[PlyCount "112"]
[EventDate "2003.??.??"]

1. d4 d5 2. Nc3 f5 3. Bf4 c6 4. e3 Nf6 5. Bd3 e6 6. a3 Be7 7. h3 O-O 8. Nf3
Nbd7 9. O-O Ne4 10. Bxe4 fxe4 11. Ne5 Qe8 12. Rc1 Bf6 13. Nxd7 Bxd7 14. Bd6 Rf7
15. f4 exf3 16. Rxf3 Rd8 17. Qe1 Bc8 18. Qg3 Qd7 19. Bb8 b6 20. Be5 Kh8 21.
Rcf1 Qe7 22. Bxf6 gxf6 23. Qh4 f5 24. Qxe7 Rxe7 25. Nb1 Rg8 26. Nd2 c5 27. b3
Ba6 28. Re1 Rc7 29. c4 Bb7 30. Rf2 Rcg7 31. Ree2 Bc6 32. Kh2 h5 33. Nf3 dxc4
34. bxc4 Be4 35. Ne5 cxd4 36. exd4 Rd8 37. Rd2 Kh7 38. Rf4 Kh6 39. g4 Kg5 40.
Rdf2 hxg4 41. hxg4 Rh7+ 42. Kg3 Rdh8 43. Nf3+ Bxf3 44. Kxf3 Rh3+ 45. Kg2 Rh2+
46. Kf1 Rxf2+ 47. Rxf2 Kxg4 48. Re2 Kf3 49. Rf2+ Ke4 50. d5 exd5 51. cxd5 Rd8
52. Re2+ Kd4 53. Rd2+ Ke5 54. Re2+ Kf4 55. Rd2 Rd6 56. Kf2 Ke5 0-1

[Event "SR 2. liga A 2003/2004"]
[Site "?"]
[Date "2004.02.21"]
[Round "11.7"]
[White "Palka, Miroslav"]
[Black "Deak, Gabriel"]
[Result "1-0"]
[WhiteElo "2055"]
[BlackElo "2082"]
[PlyCount "69"]
[EventDate "2003.??.??"]

1. c4 Nf6 2. Nc3 e6 3. e4 d6 4. g3 c5 5. Bg2 Nc6 6. Nge2 g6 7. d4 cxd4 8. Nxd4
e5 9. Nc2 Be6 10. b3 Bg7 11. O-O O-O 12. Nb5 a6 13. Nxd6 Qc7 14. c5 Rfd8 15.
Qe2 Nd4 16. Nxd4 exd4 17. e5 Nd7 18. Nxb7 Bxe5 19. Nxd8 Rxd8 20. Bf4 Bxf4 21.
gxf4 Qxf4 22. c6 Nf6 23. Qf3 Qg5 24. Qg3 Qa5 25. c7 Rf8 26. Rfd1 Nh5 27. Qd6
Qg5 28. Rxd4 Ng7 29. Qf4 Qa5 30. b4 Qa3 31. Rd8 Bc8 32. Rad1 Ne6 33. Rxf8+ Kxf8
34. Qf6 Qa4 35. Rd8+ 1-0

[Event "SR 2. liga A 2003/2004"]
[Site "?"]
[Date "2004.02.21"]
[Round "11.7"]
[White "Zdrazil, Bohumir"]
[Black "Hertel, Ondrej"]
[Result "1/2-1/2"]
[WhiteElo "1997"]
[BlackElo "1853"]
[PlyCount "82"]
[EventDate "2003.??.??"]

1. d4 d5 2. c4 e6 3. Nf3 Nf6 4. g3 c6 5. Qc2 Nbd7 6. Nbd2 Bd6 7. Bg2 O-O 8. O-O
Qc7 9. b3 b6 10. Bb2 Bb7 11. Rfc1 Rac8 12. a3 Qb8 13. b4 b5 14. c5 Bc7 15. Qc3
Rce8 16. Ne5 Nxe5 17. dxe5 Nd7 18. f4 Bd8 19. Nf3 f5 20. Nd4 a6 21. a4 bxa4 22.
Rxa4 Qc8 23. e3 Nb8 24. Bf3 g6 25. Kf2 h5 26. Be2 Kf7 27. h4 Re7 28. Rca1 Kg8
29. R4a3 Kf7 30. Qe1 Kg8 31. Bc3 Rff7 32. Bd2 Rg7 33. Qf1 Rgf7 34. Bc3 Rg7 35.
Bd1 Rgf7 36. R3a2 Rg7 37. Rd2 Rgf7 38. Nf3 Rg7 39. Ng5 Re8 40. Bc2 Kf8 41. Nf3
Kg8 1/2-1/2

[Event "SR 2. liga A 2003/2004"]
[Site "?"]
[Date "2004.02.21"]
[Round "11.8"]
[White "Diviak, Rastislav"]
[Black "Janota, Jozef"]
[Result "1-0"]
[WhiteElo "1920"]
[BlackElo "1541"]
[PlyCount "32"]
[EventDate "2003.??.??"]

1. d4 Nf6 2. c4 g6 3. Nc3 Bg7 4. e4 O-O 5. Be2 d6 6. Nf3 e5 7. O-O Nbd7 8. Be3
Qe7 9. Qc2 Ng4 10. Bg5 f6 11. Bd2 c6 12. d5 f5 13. Ng5 Ndf6 14. f3 Nh6 15. c5
cxd5 16. Nxd5 Nxd5 {
mal som iba jeden partiar a partia sa z neho nedala zrekonstruovat} 1-0

[Event "SR 2. liga A 2003/2004"]
[Site "?"]
[Date "2004.02.21"]
[Round "11.8"]
[White "Dzavik, Jozef"]
[Black "Vach, Pavol"]
[Result "1/2-1/2"]
[WhiteElo "1967"]
[BlackElo "2148"]
[PlyCount "73"]
[EventDate "2003.??.??"]

1. d4 Nf6 2. Nf3 e6 3. c4 d5 4. e3 c5 5. cxd5 exd5 6. Bb5+ Bd7 7. Bxd7+ Nbxd7
8. O-O c4 9. Nc3 Bb4 10. Ne2 Bd6 11. a4 O-O 12. h3 Ne4 13. Nd2 Ndf6 14. Nc3
Nxc3 15. bxc3 Re8 16. Re1 Re6 17. Qc2 Qe7 18. Rb1 h6 19. Nf1 Re8 20. Bd2 Bc7
21. Re2 Qd7 22. Be1 b6 23. f3 Qc6 24. Bf2 Nh5 25. Ree1 g6 26. g4 Ng7 27. f4 f5
28. Ng3 Rf6 29. Qd1 Qe6 30. Qf3 a6 31. Kg2 Qd7 32. Ra1 Kh7 33. Rh1 Rf7 34. Rhe1
Rfe7 35. Rh1 Rf7 36. Rhe1 Kg8 37. Nf1 1/2-1/2

[Event "SR 2. liga A 2003/2004"]
[Site "?"]
[Date "2004.02.21"]
[Round "11.8"]
[White "Hecht, Tomas"]
[Black "Karlik, Lubomir"]
[Result "1-0"]
[WhiteElo "2034"]
[BlackElo "1903"]
[PlyCount "51"]
[EventDate "2003.??.??"]

1. e4 c5 2. c3 Nf6 3. e5 Nd5 4. d4 e6 5. Bc4 Nb6 6. Bb3 Nc6 7. f4 cxd4 8. cxd4
d5 9. Nf3 Be7 10. O-O O-O 11. a3 Na5 12. Bc2 Bd7 13. Qd3 g6 14. Nc3 Rc8 15. g4
Qc7 16. Rf2 Nbc4 17. f5 Nxa3 18. f6 Nxc2 19. Qxc2 Bb4 20. Qd2 Rfd8 21. Qh6 Bf8
22. Qh3 Nb3 23. Bh6 Bb4 24. Rd1 Bxc3 25. bxc3 Qxc3 26. Bd2 1-0

[Event "SR 2. liga A 2003/2004"]
[Site "?"]
[Date "2004.02.21"]
[Round "11.8"]
[White "Krist, Milan"]
[Black "Fratric, Igor"]
[Result "1-0"]
[WhiteElo "1990"]
[BlackElo "1908"]
[PlyCount "133"]
[EventDate "2003.??.??"]

1. d4 c6 2. c4 d5 3. cxd5 cxd5 4. Nc3 Nf6 5. Nf3 Nc6 6. e3 a6 7. Bd3 e6 8. O-O
Bd6 9. a3 O-O 10. b4 Qc7 11. Bb2 e5 12. dxe5 Nxe5 13. h3 Nc4 14. Qe2 Nxb2 15.
Qxb2 b6 16. Rac1 Qd7 17. Rfd1 Bb7 18. Ne2 Rac8 19. Ned4 Ne4 20. Nd2 f5 21. Rxc8
Qxc8 22. Nxe4 dxe4 23. Rc1 Qe8 24. Bc4+ Kh8 25. Ne6 Rf6 26. Qa2 h6 27. Rd1 Be7
28. Qd2 Qc8 29. Bb3 Rxe6 30. Bxe6 Qxe6 31. Qd7 Bc8 32. Qe8+ Kh7 33. Rc1 Bd7 34.
Qa8 Bb5 35. Qc8 Qxc8 36. Rxc8 Bf6 37. Rc2 Bd3 38. Rc6 Bb2 39. a4 b5 40. a5 Ba3
41. Rxa6 Bxb4 42. Ra8 Kg6 43. a6 Bc4 44. Rc8 Bd5 45. a7 Kf6 46. a8=Q Bxa8 47.
Rxa8 Bc3 48. Rc8 b4 49. Kf1 Ke6 50. Ke2 Kd5 51. Kd1 g5 52. Kc2 Be1 53. f3 Bf2
54. Kd2 h5 55. Rf8 f4 56. fxe4+ Kxe4 57. Re8+ Kd5 58. exf4 gxf4 59. Kd3 h4 60.
Re4 Be3 61. Rxb4 Ke5 62. Rb5+ Kf6 63. Ke4 Kg6 64. Kf3 Bc1 65. Kg4 Be3 66. Kxh4
Bd4 67. Kg4 1-0

[Event "SR 2. liga A 2003/2004"]
[Site "?"]
[Date "2004.02.21"]
[Round "11.8"]
[White "Peska, Juraj"]
[Black "Czambel, V."]
[Result "1/2-1/2"]
[WhiteElo "1727"]
[BlackElo "2019"]
[PlyCount "77"]
[EventDate "2003.??.??"]

1. c4 Nf6 2. Nc3 g6 3. g3 Bg7 4. Bg2 O-O 5. d4 d6 6. e4 e5 7. d5 a5 8. Nge2 Na6
9. O-O Nh5 10. f4 f5 11. fxe5 dxe5 12. Be3 Qe7 13. Rb1 Bd7 14. Qb3 Nc5 15. Qa3
b6 16. Rbd1 Qd6 17. Bxc5 bxc5 18. Na4 Bxa4 19. Qxa4 Rab8 20. Qc2 Bh6 21. exf5
Be3+ 22. Kh1 g5 23. b3 Nf6 24. Nc3 Bd4 25. Ne4 Nxe4 26. Qxe4 Rf6 27. Qg4 Kh8
28. Qxg5 Rg8 29. Qd2 Rh6 30. f6 Rxf6 31. Rxf6 Qxf6 32. Rf1 Qg6 33. Qxa5 e4 34.
Qxc7 e3 35. Qe7 Qg4 36. Re1 Qg6 37. Be4 Qh5 38. g4 Qh6 39. Bf5 1/2-1/2

[Event "SR 2. liga A 2003/2004"]
[Site "?"]
[Date "2004.02.21"]
[Round "11.8"]
[White "Prielozny, Marek"]
[Black "Zak, Daniel"]
[Result "1-0"]
[WhiteElo "1924"]
[BlackElo "1718"]
[PlyCount "97"]
[EventDate "2003.??.??"]

1. d4 d5 2. c4 Nf6 3. cxd5 Qxd5 4. Nc3 Qd8 5. e4 e6 6. Nf3 Be7 7. Bd3 Nc6 8.
O-O O-O 9. Re1 Nb4 10. Bb1 c5 11. e5 Nfd5 12. a3 cxd4 13. Nxd4 Nxc3 14. bxc3
Nd5 15. c4 Nc3 16. Bxh7+ Kxh7 17. Qd3+ Kg8 18. Qxc3 Bc5 19. Be3 Bxd4 20. Bxd4
Qg5 21. Re3 Bd7 22. Rg3 Qf5 23. Be3 Rfd8 24. Bg5 Bc6 25. Bf6 Qh7 26. Qe3 Rd7
27. Qg5 Qg6 28. Qh4 Qh7 29. Rxg7+ Qxg7 30. Bxg7 Kxg7 31. Qf4 Kh7 32. Re1 Rg8
33. g3 Rgd8 34. h4 Rd1 35. Qxf7+ Kh6 36. Qxe6+ Kh7 37. Rf1 R1d2 38. Qf7+ Kh6
39. h5 Be8 40. Qf6+ Kxh5 41. Qf5+ Kh6 42. e6 Bc6 43. e7 R8d3 44. Qf8+ Kh7 45.
e8=Q Rxg3+ 46. Kh2 Rg2+ 47. Kh3 Rd3+ 48. Qe3 Rxe3+ 49. fxe3 1-0

[Event "SR 2. liga A 2004/2005"]
[Site "?"]
[Date "2004.10.23"]
[Round "1.1"]
[White "Felcir, Jaroslav"]
[Black "Smolen, Jan"]
[Result "1/2-1/2"]
[WhiteElo "2208"]
[BlackElo "2334"]
[PlyCount "39"]
[EventDate "2004.??.??"]

1. e4 e6 2. d4 d5 3. Nd2 Nf6 4. e5 Nfd7 5. c3 c5 6. Bd3 Nc6 7. Ne2 cxd4 8. cxd4
f6 9. exf6 Nxf6 10. Nf3 Bd6 11. O-O Qc7 12. Bg5 O-O 13. Rc1 Bd7 14. Bb1 Rae8
15. Nc3 a6 16. a3 Ng4 17. h3 Nh2 18. Nxh2 Bxh2+ 19. Kh1 Bf4 20. Qh5 1/2-1/2

[Event "SR 2. liga A 2004/2005"]
[Site "?"]
[Date "2004.10.23"]
[Round "1.1"]
[White "Fraas, Martin"]
[Black "Bisco, Igor"]
[Result "1-0"]
[WhiteElo "2194"]
[BlackElo "2177"]
[PlyCount "99"]
[EventDate "2004.??.??"]

1. e4 e5 2. Nf3 Nc6 3. Bb5 a6 4. Ba4 Nf6 5. O-O Be7 6. Re1 b5 7. Bb3 d6 8. c3
O-O 9. d3 Na5 10. Bc2 c5 11. Nbd2 Qc7 12. Nf1 Nc6 13. Ne3 g6 14. a4 Bb7 15. h3
Rfe8 16. Bb3 Nd8 17. Nd5 Nxd5 18. Bxd5 Bxd5 19. exd5 Nb7 20. Bg5 f6 21. Bh6 Nd8
22. axb5 Nf7 23. Rxa6 Rxa6 24. bxa6 Nxh6 25. Qa4 Ra8 26. Ra1 Nf5 27. g4 Ng7 28.
Nd2 Ne8 29. Nc4 Kf8 30. b4 cxb4 31. cxb4 Bd8 32. a7 Qb7 $2 33. Qxe8+ Kxe8 34.
Nxd6+ Kd7 35. Nxb7 Bb6 36. Nc5+ Kc7 37. Ne4 f5 38. Nc3 Kb7 39. Nb5 fxg4 40.
hxg4 h5 41. gxh5 gxh5 42. Ra2 Rg8+ 43. Kh2 Rf8 44. Kg2 Ka8 45. d6 Rf7 46. f3
Rb7 47. Rc2 Rg7+ 48. Kh3 Kb7 49. Re2 Rg5 50. f4 1-0

[Event "SR 2. liga A 2004/2005"]
[Site "?"]
[Date "2004.10.23"]
[Round "1.1"]
[White "Harasta, Vladimir"]
[Black "Lesny, Stefan"]
[Result "1/2-1/2"]
[WhiteElo "2122"]
[BlackElo "2077"]
[PlyCount "44"]
[EventDate "2004.??.??"]

1. c4 e5 2. Nc3 Nf6 3. Nf3 d6 4. d4 exd4 5. Nxd4 Bd7 6. e4 Nc6 7. Be2 Nxd4 8.
Qxd4 Bc6 9. O-O Be7 10. Be3 O-O 11. Rac1 Nd7 12. Nd5 Bf6 13. Nxf6+ Qxf6 14.
Qxf6 Nxf6 15. f3 b6 16. Kf2 Rfe8 17. Rfd1 a5 18. b3 Nd7 19. Bf1 f6 20. Rd2 Kf7
21. Rb2 Ke7 22. Rc3 Rab8 1/2-1/2

[Event "SR 2. liga A 2004/2005"]
[Site "?"]
[Date "2004.10.23"]
[Round "1.1"]
[White "Matejovic, Juraj"]
[Black "Duriga, Stefan"]
[Result "0-1"]
[WhiteElo "2204"]
[BlackElo "2252"]
[PlyCount "156"]
[EventDate "2004.??.??"]

1. e4 g6 2. d4 Bg7 3. Nc3 d6 4. f4 Nf6 5. Nf3 O-O 6. Bd3 Bg4 7. O-O Nc6 8. e5
Nd7 9. Be3 Nb6 10. h3 Bc8 11. a3 dxe5 12. dxe5 Bf5 13. Qe2 Bxd3 14. cxd3 Nd5
15. Nxd5 Qxd5 16. Rac1 Rfd8 17. Rfd1 Rac8 18. d4 b6 19. Rc3 Nb8 20. Rdc1 Rd7
21. Qc2 c6 22. Qa4 e6 23. Qc2 Bf8 24. Ng5 Be7 25. Ne4 Rdc7 26. Qd3 Nd7 27. b4
f5 28. exf6 Nxf6 29. Ng5 Ne8 30. Nf3 Nd6 31. Ne5 Ne4 32. R3c2 Bf6 33. Qe2 Ng3
34. Qc4 $2 Bxe5 35. fxe5 Qxc4 36. Rxc4 Ne2+ 37. Kf2 Nxc1 38. Rxc1 Rd7 39. Kf3
Rd5 40. Ke4 a5 41. Rf1 axb4 42. axb4 Rb5 43. Rf6 Re8 44. Bd2 c5 45. bxc5 bxc5
46. dxc5 Rxc5 47. Be3 Rc4+ 48. Kd3 Ra4 49. Bc5 Kg7 50. Ke3 Ra5 51. Bd6 Ra7 52.
Rf2 Rf7 53. Rc2 g5 54. Rc6 h5 55. Rc3 Kg6 56. Rc6 g4 57. hxg4 hxg4 58. Rc4 Kg5
59. Bc5 Rf5 60. Bd4 Rf1 61. Ke2 Rf7 62. Be3+ Kh4 63. Bf2+ Kh5 64. Be3 Ra8 65.
Kd3 Ra2 66. Rc6 Rd7+ 67. Rd6 Rxd6+ 68. exd6 Ra5 69. Ke4 Rd5 70. Bf4 Kg6 71. Be5
Kf7 72. g3 Ke8 73. Bf4 Kf8 74. Be5 Kf7 75. Kf4 Kg6 76. Ke4 Kg5 77. Bf4+ Kf6 78.
Ke3 Kf5 0-1

[Event "SR 2. liga A 2004/2005"]
[Site "?"]
[Date "2004.10.23"]
[Round "1.1"]
[White "Mikita, Jozef"]
[Black "Meszaros, Michal"]
[Result "0-1"]
[WhiteElo "2209"]
[BlackElo "2322"]
[PlyCount "132"]
[EventDate "2004.??.??"]

1. e4 c5 2. Nf3 d6 3. d4 cxd4 4. Nxd4 Nf6 5. Nc3 a6 6. Be2 e5 7. Nb3 Be7 8. O-O
Be6 9. f4 Qc7 10. a4 Nbd7 11. Kh1 O-O 12. Be3 exf4 13. Rxf4 Ne5 14. Nd5 Bxd5
15. exd5 Rac8 16. Rb4 Rfe8 17. c3 Nfd7 18. a5 Bf6 19. Qd2 g6 20. Rf1 Bg7 21.
Bh6 Bh8 22. Qf4 Re7 23. Qg3 Nc5 24. Nxc5 Qxc5 25. Bg5 Rec7 26. Rb6 Qxa5 27.
Rxd6 Qc5 28. Rd8+ Rxd8 29. Bxd8 Rd7 30. Bg5 Qxd5 31. h3 Bg7 32. Rd1 Qc6 33.
Rxd7 Qxd7 34. Bf4 Nc6 35. Qe3 h5 36. Bc4 Qe7 37. Qxe7 Nxe7 38. g4 hxg4 39. hxg4
Nc6 40. Bd5 Kf8 41. Kg2 Ke7 42. Kf3 f5 43. gxf5 gxf5 44. Ke2 Kd7 45. Kd3 b5 46.
b4 Bf6 47. Bf3 Be7 48. Ke3 Bf6 49. Kd3 Bd8 50. Bh5 Bc7 51. Ke3 Be5 52. Bxe5
Nxe5 53. Kf4 Ke6 54. Be2 Nc4 55. Bd1 Nb6 56. Bc2 Nd5+ 57. Kg5 Ne3 58. Bd3 Ke5
59. Kg6 f4 60. Be2 Ke4 61. Kf6 Nd5+ 62. Ke6 Nxc3 63. Bf1 Na2 64. Kd6 Nxb4 65.
Kc5 Nd3+ 66. Kb6 b4 0-1

[Event "SR 2. liga A 2004/2005"]
[Site "?"]
[Date "2004.10.23"]
[Round "1.1"]
[White "Pivacek, Marek"]
[Black "Rohacek, Miroslav"]
[Result "1/2-1/2"]
[WhiteElo "1974"]
[BlackElo "2239"]
[PlyCount "93"]
[EventDate "2004.??.??"]

1. Nf3 d6 2. d4 Bg4 3. e4 Nf6 4. Bd3 c6 5. O-O e6 6. Nbd2 d5 7. c3 Be7 8. e5
Nfd7 9. Qc2 g6 10. h3 Bf5 11. Nb3 Na6 12. Bf4 Bxd3 13. Qxd3 O-O 14. g4 c5 15.
Qe3 Rc8 16. g5 cxd4 17. Nbxd4 Qb6 18. b4 Rc4 19. Nd2 Rcc8 20. a4 Nab8 21. a5
Qd8 22. Nb5 Nc6 23. h4 a6 24. Nd4 Qc7 25. Nxc6 bxc6 26. Rfb1 Rb8 27. Qe2 Rb5
28. Nb3 c5 29. bxc5 Rfb8 30. Qc2 Bxc5 31. Nxc5 Qxc5 32. Be3 Rxb1+ 33. Rxb1 Qxa5
34. Rxb8+ Nxb8 35. Qb3 Qb5 36. Qa3 Qd7 37. Bc5 Qc8 38. Bd6 Nd7 39. Qa5 h6 40.
Kg2 Kh7 41. Qa4 h5 42. f3 Nb6 43. Qd4 Qc6 44. Qf4 Kg8 45. Qf6 Qd7 46. Bf8 Kxf8
47. Qh8+ 1/2-1/2

[Event "SR 2. liga A 2004/2005"]
[Site "?"]
[Date "2004.10.23"]
[Round "1.2"]
[White "Bezuch, Martin"]
[Black "Jablonicky, Frantisek"]
[Result "1-0"]
[WhiteElo "2190"]
[BlackElo "2181"]
[PlyCount "119"]
[EventDate "2004.??.??"]

1. e4 c6 2. d4 d5 3. Nc3 dxe4 4. Nxe4 Nf6 5. Nxf6+ gxf6 6. Bc4 Bf5 7. Ne2 e6 8.
Ng3 Bg6 9. h4 h5 10. c3 Bd6 11. Be2 Bxg3 12. fxg3 Qd5 13. O-O Nd7 14. b4 O-O-O
15. Be3 Qe4 16. Qd2 Qc2 17. Rad1 Qxd2 18. Rxd2 Be4 19. a4 Rdg8 20. Kf2 Rg6 21.
Rfd1 Nb6 22. c4 Nd7 23. b5 Bf5 24. bxc6 bxc6 25. d5 c5 26. dxe6 Bxe6 27. Rb2
Bg4 28. Bf4 Bxe2 29. Rxe2 Rd8 30. Red2 Rgg8 31. Rd5 Rge8 32. a5 Re4 33. Rd6 Re6
34. R6d5 Re4 35. Rd6 Re6 36. a6 Rxd6 37. Rxd6 Ne5 38. Bxe5 fxe5 39. Rc6+ Kb8
40. Rxc5 Rd2+ 41. Kf3 Rd3+ 42. Kf2 Rd2+ 43. Kf3 Rd3+ 44. Ke4 Rxg3 45. Rxe5 Rxg2
46. Rxh5 Rg6 47. Rf5 Rxa6 48. Rxf7 Rh6 49. Rf4 a5 50. Kf5 Kb7 51. Kg5 Rh8 52.
h5 a4 53. h6 Kb6 54. Rf5 Ra8 55. h7 a3 56. Kg6 a2 57. Rf1 Kc5 58. Ra1 Ra6+ 59.
Kg7 Ra8 60. Rxa2 1-0

[Event "SR 2. liga A 2004/2005"]
[Site "?"]
[Date "2004.10.23"]
[Round "1.2"]
[White "Gasa, Andrej"]
[Black "Krajnak, Robert"]
[Result "1-0"]
[WhiteElo "2202"]
[BlackElo "2117"]
[PlyCount "109"]
[EventDate "2004.??.??"]

1. e4 c5 2. Nf3 e6 3. d4 cxd4 4. Nxd4 Nc6 5. Nc3 d6 6. Be3 Nf6 7. Be2 Be7 8.
O-O Bd7 9. a4 O-O 10. Ndb5 Qb8 11. f4 a6 12. Na3 Na5 13. Qe1 Rc8 14. Bd3 b5 15.
axb5 axb5 16. Naxb5 Nc4 17. Rxa8 Qxa8 18. Bc1 Qb7 19. b3 d5 20. exd5 Bc5+ 21.
Kh1 exd5 22. Nxd5 Nxd5 23. bxc4 Re8 24. Qg3 Ne3 25. Bxe3 Rxe3 26. Qh4 Bh3 27.
Qd8+ Bf8 28. Qd5 Bc8 29. Qxb7 Bxb7 30. Nc3 h5 31. Nd5 Re6 32. Rb1 h4 33. Kg1
Bc6 34. Rb8 g6 35. Kf2 Kg7 36. g4 Bc5+ 37. Kf1 h3 38. Rc8 Bd4 39. f5 gxf5 40.
gxf5 Rd6 41. Nf4 Be5 42. Nxh3 Bxh2 43. Ng5 Bd7 44. Rd8 Be5 45. c5 Rd5 46. Ne4
Bd4 47. c4 Rxf5+ 48. Ke2 Bxc5 49. Rxd7 Re5 50. Kd2 Bb4+ 51. Ke3 Re6 52. Kd4 Be7
53. Kd5 Kf8 54. Nd6 Re1 55. Nf5 1-0

[Event "SR 2. liga A 2004/2005"]
[Site "?"]
[Date "2004.10.23"]
[Round "1.2"]
[White "Kisonova, Katarina"]
[Black "Oprea, Erik"]
[Result "0-1"]
[WhiteElo "2163"]
[BlackElo "2115"]
[PlyCount "102"]
[EventDate "2004.??.??"]

1. e4 d5 2. exd5 Nf6 3. Nc3 Nxd5 4. Bc4 Nb6 5. Bb3 Nc6 6. d3 Nd4 7. Bf4 a5 8.
Qh5 Be6 9. Nf3 Bxb3 10. Nxd4 Bd5 11. Ndb5 Rc8 12. Bxc7 Rxc7 13. Nxc7+ Qxc7 14.
Nxd5 Qc5 15. Nf4 $2 Qb4+ 16. c3 Qxf4 17. Qb5+ Nd7 18. Qxb7 Qb8 19. Qxb8+ Nxb8
20. O-O e6 21. Rfe1 Bd6 22. Re4 Kd7 23. Rae1 Nc6 24. g3 Rb8 25. R1e2 Rb5 26.
Kg2 e5 27. Rg4 g6 28. Kf3 f5 29. Rh4 h5 30. Rd2 Be7 31. Ra4 Bg5 32. Rc2 Rc5 33.
h4 Bh6 34. Re2 Rd5 35. Kg2 Rxd3 36. b4 axb4 37. cxb4 Rd4 38. a3 e4 39. Ra8 Ne5
40. b5 Nf3 41. b6 Rd1 42. Ra7+ Ke6 43. b7 Rg1+ 44. Kh3 Rb1 45. Rc2 Bf8 46. a4
Bd6 47. a5 e3 48. b8=Q Bxb8 49. Ra6+ Kd5 50. Rb6 Rxb6 51. axb6 e2 0-1

[Event "SR 2. liga A 2004/2005"]
[Site "?"]
[Date "2004.10.23"]
[Round "1.2"]
[White "Machalova, Maria"]
[Black "Polacik, Igor"]
[Result "1/2-1/2"]
[WhiteElo "2137"]
[BlackElo "2034"]
[PlyCount "106"]
[EventDate "2004.??.??"]

1. c4 Nf6 2. Nc3 c5 3. d3 d5 4. cxd5 Nxd5 5. Nxd5 Qxd5 6. Nf3 Nc6 7. g3 e5 8.
Bg2 Be7 9. O-O O-O 10. Bd2 Be6 11. Ng5 Qd7 12. Nxe6 Qxe6 13. Bc3 Rac8 14. Qa4
a6 15. Qc4 Qd6 16. a4 Kh8 17. Qd5 b6 18. Qxd6 Bxd6 19. Bd5 a5 20. Bxc6 Rxc6 21.
f4 exf4 22. gxf4 c4 23. d4 Re8 24. Rae1 f5 25. e3 Bb4 26. Kf2 Kg8 27. Rg1 g6
28. Kf3 Rce6 29. h4 Kf7 30. Rg2 h5 31. Rc2 Rc8 32. Rd1 Be7 33. d5 Re4 34. Bd4
Bxh4 35. Bxb6 Bd8 36. Bd4 Bf6 37. Bxf6 Kxf6 38. Rc3 Ke7 39. b3 Kd6 40. Rg1 Kxd5
41. Rxg6 Kc5 42. Rc1 Rce8 43. Rxc4+ Rxc4 44. bxc4 Kxc4 45. Rf6 Kd3 46. Rd6+ Kc4
47. Rd4+ Kc5 48. Rd7 Kc4 49. Ke2 Rh8 50. Kf2 h4 51. Kg2 Re8 52. Kh3 Rxe3+ 53.
Kxh4 Kb4 1/2-1/2

[Event "SR 2. liga A 2004/2005"]
[Site "?"]
[Date "2004.10.23"]
[Round "1.2"]
[White "Obdrzalkova, Anita"]
[Black "Horak, Ivan"]
[Result "0-1"]
[WhiteElo "2137"]
[BlackElo "2177"]
[PlyCount "50"]
[EventDate "2004.??.??"]

1. d4 Nf6 2. c4 c5 3. d5 e6 4. Nc3 exd5 5. cxd5 d6 6. e4 g6 7. f4 Bg7 8. Bb5+
Nfd7 9. a4 O-O 10. Nge2 a6 11. Bd3 b6 12. O-O Re8 13. Ng3 Ra7 14. Be3 f5 15.
Qd2 fxe4 16. Ngxe4 Nf6 17. Nxf6+ Bxf6 18. Bf2 Rae7 19. Qc2 Rf7 20. Ne4 Be7 21.
Be1 Bf5 22. Bc3 Bh4 23. g3 $2 c4 24. Nxd6 Bxd3 25. Nxf7 Kxf7 0-1